000
00304nam a22001097a 4500
040
_c
RUA
082
_a
FPD SEP 2014 C332 Or.
245
_a
AGRICULTURE SERVICES PROGRAMME FOR INNOVATION,RESILIENCE AND EXTENSION(ASPIRE),
260
_a
phnom penh
_b
rua
_c
2014
300
_a
xv.125p.
_b
ill.
_c
29cm.
942
_c
RE
999
_c
22033
_d
22033